000 00371nam a2200121Ia 4500
008 230907s9999||||xx |||||||||||||| ||und||
082 _a579.1757
_bIVA
100 _aIvanov, Volodymyr,
_9116073
245 0 _aEnvironmental microbiology for engineers /
300 _axxiv, 413 pages :
650 _aProblems, exercises, etc. Problems, exercises, etc.
_9116074
942 _cBK
999 _c600961
_d600961